Νέα ανθρωπολογία και μοντέρνα τέχνη
Αποθηκεύτηκε σε:
| Άλλοι συγγραφείς: | |
|---|---|
| Μορφή: | Βιβλίο |
| Γλώσσα: | Greek |
| Δημοσίευση: |
Θεσσαλονίκη :
Ζήτη,
2014.
|
| Θέματα: | |
| Ετικέτες: |
Προσθήκη ετικέτας
Δεν υπάρχουν, Καταχωρήστε ετικέτα πρώτοι!
|
MARC
| LEADER | 00000nam a2200000 i 4500 | ||
|---|---|---|---|
| 001 | 1/64165 | ||
| 008 | 150120s2014 gr ||| ||||| ||gre|| | ||
| 020 | |a 9789604564163 | ||
| 035 | |l 10120537 | ||
| 040 | |a GR-MY-UA |b gre |e aacr | ||
| 041 | 0 | |a gre | |
| 082 | 7 | |a 709.011 |2 (23) | |
| 245 | 0 | 0 | |a Νέα ανθρωπολογία και μοντέρνα τέχνη / |c επιστημονική επιμέλεια: Βασίλης Φιοραβάντες. |
| 260 | |a Θεσσαλονίκη : |b Ζήτη, |c 2014. | ||
| 300 | |a 461 σ. ; |c 25 εκ. | ||
| 504 | |a Περιλαμβάνει βιβλιογραφικές παραπομπές. | ||
| 650 | 0 | 0 | |a Art and anthropology. |
| 650 | 0 | 0 | |a Art. |
| 650 | 0 | 0 | |a Globalization. |
| 650 | 0 | 0 | |a Art and society. |
| 700 | 1 | |a Φιοραβάντες, Βασίλης |d 1952- |e edt [Επιμελητής] | |
| 852 | |a INST |b RHODES |c EUDOXUS |e 20150120 |h 709.011 ΝΕΑ |p 005400037483 |q 005400037483 |t EDX |y 0 | ||
| 852 | |a INST |b RHODES |c EUDOXUS |e 20170424 |h 709.011 ΝΕΑ |p 005400039256 |q 005400039256 |t EDX |y 0 | ||
| 901 | |a BIBL4-2015-1 | ||
| 909 | |a Ρ |b 183800 | ||
| 920 | |a Εύδοξος |b Επιστροφή |y Ρόδος |z 2017-04 | ||
| 920 | |a Εύδοξος |b Παραγγελία |y Ρόδος-ΠΤΔΕ |z 2014-12 | ||
| 922 | |a 4ΕΛΗ | ||
| 970 | |z 2015/01/20 | ||